Mental health in modern society / (Record no. 2123)
[ view plain ]
| 000 -LEADER | |
|---|---|
| fixed length control field | 00493cam a2200193ua 4500 |
| 041 ## - LANGUAGE CODE | |
| Language code of text/sound track or separate title | eng |
| 082 ## - DEWEY DECIMAL CLASSIFICATION NUMBER | |
| Classification number | 362.2 |
| Item number | REN/ME |
| 100 ## - MAIN ENTRY--AUTHOR NAME | |
| Personal name | Rennie, Thomas.A.C . |
| 245 ## - TITLE STATEMENT | |
| Title | Mental health in modern society / |
| 250 ## - EDITION STATEMENT | |
| Edition statement | 1 / |
| 260 ## - PUBLICATION, DISTRIBUTION, ETC. (IMPRINT) | |
| Place of publication | Newyork : |
| Name of publisher | The commonwealth fund , |
| Year of publication | 1948. |
| 300 ## - PHYSICAL DESCRIPTION | |
| Number of Pages | 424 ; . |
| 700 1# - ADDED ENTRY--PERSONAL NAME | |
| Personal name | Woodward, Luther.E . |
| 942 ## - ADDED ENTRY ELEMENTS (KOHA) | |
| Koha item type | Books |
| Withdrawn status | Lost status | Damaged status | Home library | Current library | Date acquired | Full call number | Accession Number | Koha item type |
|---|---|---|---|---|---|---|---|---|
| Withdrawn | KAUAET | Sanskrit University | 07/04/2012 | 362.2 | 3564 | Books |
